000 02122ncm0a2200385 4500
001 RU\NLR\ONIZ\211651
005 20250624195520.0
010 _a978-5-222-12024-8
021 _aRU
_b08-60
_908-3
035 _aRU\NLR\ONIZ\Таня\5000002024\20150520114214
035 _a(NLR Aleph) 010891216
090 _a10554659
_c10554659
100 _a20150520d2007 |||y0rusy50 ca
101 0 _arus
102 _aRU
125 _azx
145 0 _ab
200 1 _a125 новых пьес для фортепиано
_bНоты
_e"Лучшее - из хорошего"
_eхрестоматия
_e1 кл. ДМШ
_eучеб.-метод. пособие
_fавт.-сост. Б. А. Поливода, В. Е. Сластенко
210 _aРостов-на-Дону
_cФеникс
_d2007
215 _a[81] с.
_d29 см
225 1 _aХрестоматия пед. репертуара
313 _aСистематизация документа проведена по изданию - Методика классифицирования музыкальных произведений (нотных изданий) по таблицам Библиотечно-библиографических классификаций : метод. рекомендации / Гос. б-ка СССР им. В.И. Ленина.- М., 1977. Индексу ББК методических рекомендаций присваивается код ББК для научных библиотек - LBC/SL
686 _aЩ954.293(2Р)
_vLBC/SL
_2rubbk
701 1 _9z03790
_aПоливода
_bБ. А.
_cсост.
_gБорис Андреевич
_4070
_4220
_7ca
701 1 _9z04790
_aСластенко
_bВ. Е.
_gВалентина Ефимовна
_4070
_4220
_7ca
790 1 _9z03701
_aPolivoda
_bB. A.
_gBoris Andreevič
_4070
_4220
_7ba
790 1 _9z04701
_aSlastenko
_bV. E.
_gValentina Efimovna
_4070
_4220
_7ba
801 0 _aRU
_bNLR
_c20150520
_gPSBO
801 1 _aRU
_bNLR
_c20150520
_2rusmarc
801 2 _aRU
_bNLR
_c20190630
852 _aNLR
_bМ
_jК-3/24978
_pМОЭ 2008-3/60
_t1
942 _cSCORE
980 _aNB
980 _aONIZ